Marketing-Controlling /
Gespeichert in:
| 1. Verfasser: | |
|---|---|
| Format: | Buch |
| Sprache: | Deutsch |
| Veröffentlicht: |
Darmstadt :
S.Toeche-Mittler Verlag,
1980
|
| Schlagworte: | |
| Tags: |
Keine Tags, Fügen Sie das erste Tag hinzu!
|
MARC
| LEADER | 00000nam a22000003a 4500 | ||
|---|---|---|---|
| 001 | stu44474 | ||
| 005 | 20250624134430.9 | ||
| 008 | 950403s1980----gw------------------ger-d | ||
| 020 | |a 3-87820-042-0 | ||
| 040 | |a STU |b slo | ||
| 041 | 0 | |a ger | |
| 044 | |a gw | ||
| 080 | |a 65.012.43 |7 stu_us_auth*stu3366 | ||
| 080 | |a 658.8 | ||
| 100 | 1 | |a Kiener, Joachim |4 aut | |
| 245 | 1 | |a Marketing-Controlling / |c [aut.]Joachim Kiener | |
| 260 | |a Darmstadt : |b S.Toeche-Mittler Verlag, |c 1980 | ||
| 300 | |a 337 s | ||
| 650 | 7 | |a controlling |2 estusub | |
| 650 | 7 | |a marketing |2 estusub | |
| 996 | |b 284M025706 |c M*8983-1 |l MMKN |s A |a 24 |w stu44474_0001 | ||